Experiences with curriculum development for aquaculture and fisheries educational institutions in Indochina and Northeast Thailand

This volume serves a number of purposes. First, it documents more than sevent years of effort through the Danida-AIT project to develop aquaculture education and aquatic resources management in the three countries of Indochina and northeast Thailand.

Đã lưu trong:
书目详细资料
主要作者: Nielsen, Henrik Bechmann
格式: 图书
语言:Undetermined
出版: Thailand AIT 2003
主题:
标签: 添加标签
没有标签, 成为第一个标记此记录!
Thư viện lưu trữ: Trung tâm Học liệu Trường Đại học Cần Thơ
LEADER 00889nam a2200193Ia 4500
001 CTU_160107
008 210402s9999 xx 000 0 und d
082 |a 639.807 
082 |b N669 
100 |a Nielsen, Henrik Bechmann 
245 0 |a Experiences with curriculum development for aquaculture and fisheries educational institutions in Indochina and Northeast Thailand 
245 0 |c By Henrik Bechmann Nielsen 
260 |a Thailand 
260 |b AIT 
260 |c 2003 
520 |a This volume serves a number of purposes. First, it documents more than sevent years of effort through the Danida-AIT project to develop aquaculture education and aquatic resources management in the three countries of Indochina and northeast Thailand. 
650 |a Quản lý nghề cá,Fishery management,Aquaculture 
904 |i Năm 
980 |a Trung tâm Học liệu Trường Đại học Cần Thơ